000 006870000a22001570004500
090 _aT P2687r
100 1 _aPastor Fernández, Joaquín
245 1 0 _aLa relación matrimonial: Estudio exegético de Efesios 5:21-33 y sus implicaciones para el matrimonio de hoy / Joaquín Pastor Fernández
260 _aMedellín, Colombia
300 _a124 Pag
500 _aTesis (maestría)--Seminario Bíblico de Colombia
502 _aPresidente del jurado: Elizabeth de Sendek; Jurado: Fernando Mosquera; Jurado: Theo Donner
520 _a- La introducción a la epistola de los Efesios - Exégesis de Efesios 5:21-33 - Implicaciones para el matrimonio de hoy
001 4269
942 _cBK
999 _c34879
_d34879